00440nam a2200157Ia 4500008004100000020001400041082001600055100001800071245002300089250000700112260004500119300002800164500001900192600002100211650005000232240925s9999 xx 000 0 und d a131173340 a005.133 DEI aDeitel , H.M 0aC++ How to Program aNA aNew Jersey:bPrintice- Hall Int.c,1994. axiv,624p.bNAfOriginal aIncludes Index aComputer Science aComputer science, information & general works